Protocol facilitation management system (Record no. 6677)
[ view plain ]
| 000 -LEADER | |
|---|---|
| fixed length control field | 01858nam a22002057a 4500 |
| 003 - CONTROL NUMBER IDENTIFIER | |
| control field | OSt |
| 005 - DATE AND TIME OF LATEST TRANSACTION | |
| control field | 20220107122857.0 |
| 008 - FIXED-LENGTH DATA ELEMENTS--GENERAL INFORMATION | |
| fixed length control field | 200106b xxu||||| |||| 00| 0 eng d |
| 040 ## - CATALOGING SOURCE | |
| Transcribing agency | IIITMK |
| 100 ## - MAIN ENTRY--PERSONAL NAME | |
| Personal name | Akhil Krishnan (17650001) |
| 9 (RLIN) | 17409 |
| 245 ## - TITLE STATEMENT | |
| Title | Protocol facilitation management system |
| 300 ## - PHYSICAL DESCRIPTION | |
| Extent | PGDEG 2017-2018 |
| 500 ## - GENERAL NOTE | |
| General note | Protocol set up in the Government means the system of rules governing the<br/>formal occasions, to be hosted by a Government or the accepted way to<br/>behave in a formal situation. The Hon'ble Chief Minister of Kerala is the<br/>Minister in charge of Protocol with regard to the State Government. Political<br/>department under the General Administration Department of the state is in<br/>charge of the protocol arrangements relating to the visits of VVIPs, VIPs<br/>and other dignitaries. Other than the above, the following functions are also<br/>handled by the department.<br/>1. Swearing-in and farewell ceremonies for Governor .<br/>2. Swearing-in ceremony of Council of Ministers.<br/>3. Independence Day celebrations.<br/>4. Republic Day celebrations .<br/>5. State funerals.<br/>6. State Lunch/ Dinner hosted by the Chief Minister and other Ministers<br/>However, arrangements for visits form the routine function of the department.<br/>Through this project, we attempt to conduct a detailed study for the scope<br/>of automation/ computerization of major share of the processes handled by<br/>the protocol division when it undertakes a visit of a VIP to the state . The<br/>DPR will mainly include the proposal for re-engineering the present process<br/>which is more of manual in nature and thereby developing a user-friendly<br/>web system for handling the above task. |
| 502 ## - DISSERTATION NOTE | |
| Degree type | PGDEG |
| Name of granting institution | 2017-2018 |
| Year degree granted | INT |
| -- | Ajith Kumar R |
| 650 ## - SUBJECT ADDED ENTRY--TOPICAL TERM | |
| Topical term or geographic name entry element | E-GOVERNANCE |
| 9 (RLIN) | 17410 |
| 650 ## - SUBJECT ADDED ENTRY--TOPICAL TERM | |
| Topical term or geographic name entry element | PROTOCOL MANAGEMENT |
| 9 (RLIN) | 17411 |
| 650 ## - SUBJECT ADDED ENTRY--TOPICAL TERM | |
| Topical term or geographic name entry element | ICT |
| 9 (RLIN) | 17412 |
| 700 ## - ADDED ENTRY--PERSONAL NAME | |
| Personal name | Nithin Nair (17650008) |
| 9 (RLIN) | 17413 |
| 942 ## - ADDED ENTRY ELEMENTS (KOHA) | |
| Source of classification or shelving scheme | Dewey Decimal Classification |
| Koha item type | |
| Withdrawn status | Lost status | Source of classification or shelving scheme | Damaged status | Not for loan | Collection code | Home library | Current library | Shelving location | Date acquired | Total Checkouts | Barcode | Date last seen | Price effective from | Koha item type |
|---|---|---|---|---|---|---|---|---|---|---|---|---|---|---|
| Dewey Decimal Classification | Non Fiction | IIITM-K | Kerala University of Digital Sciences, Innovation and Technology Knowledge Centre | 06/01/2020 | R-1589 | 06/01/2020 | 06/01/2020 | Project Reports |